LEADER 00964nam0-2200349---450 001 990008853350403321 005 20170329124812.0 010 $a88-08-09810-9 035 $a000885335 035 $aFED01000885335 035 $a(Aleph)000885335FED01 035 $a000885335 100 $a20090512d1997----km-y0itay50------ba 101 1 $aita 102 $aIT 105 $a--------001yy 200 1 $aDroghe e farmaci psicoattivi$fRobert M. Julien 205 $a1. ed. italiana condotta sulla 7. ed. americana 210 $aBologna$cZanichelli$d1997 215 $aXVI, 485 p.$d24 cm 454 0$12001$a<>primer of drug action$929834 610 0 $aPsicofarmaci 610 0 $aDroghe 676 $a615.78 700 1$aJulien,$bRobert M.$0314924 801 0$aIT$bUNINA$gRICA$2UNIMARC 901 $aBK 912 $a990008853350403321 952 $a80 XIV E 15$b10563$fFFABC 959 $aFFABC 996 $aPrimer of drug action$929834 997 $aUNINA LEADER 01387nam--2200421---450- 001 990000907950203316 005 20100525150537.0 035 $a0090795 035 $aUSA010090795 035 $a(ALEPH)000090795USA01 035 $a0090795 100 $a20020128d1990----km-y0itay0103----ba 101 $aita 102 $aIT 105 $a||||||||001yy 200 1 $a<> sistema delle assunzioni obbligatorie$fa cura di Domenico Orofino 205 $a2.ed. aggiornata 210 $aRoma$cAssociazione sindacale fra le aziende del credito$d1990 215 $a226 cm$d24 cm 410 $12001 461 1$1001-------$12001 606 0 $aAssunzione al lavoro obbligatorie$xLegislazione 676 $a344.450159 702 1$aOROFINO,$bDomenico 801 0$aIT$bsalbc$gISBD 912 $a990000907950203316 951 $aXXV.2.C 124/2 (IG III 648 2)$b3451 EC$cXXV.2.C 124/2 (IG III)$d00237771 951 $aXXV.2.C 124/2a )IG III 648 2)$b3591 EC$cXXV.2.C 124/2a (IG III)$d00237773 959 $aBK 969 $aGIU 979 $aPATTY$b90$c20020128$lUSA01$h1038 979 $c20020403$lUSA01$h1734 979 $aPATRY$b90$c20040406$lUSA01$h1702 979 $aRSIAV5$b90$c20090730$lUSA01$h0919 979 $aRSIAV5$b90$c20090730$lUSA01$h0921 979 $aRSIAV5$b90$c20100525$lUSA01$h1505 996 $aSistema delle assunzioni obbligatorie$9498897 997 $aUNISA